Statistics for Tintin Book Trivia - The Broken Ear

Click here to take the quiz!

General Stats

  • This quiz has been taken 7 times
  • The average score is 4 of 16

Answer Stats

QuestionAnswer% Correct
Location of BookSan Theodoros
86%
General of Location (starts with A)Alcazar
71%
Tribe NameArumbayas
57%
Rank of Tintin (military)Colonel
57%
Explorer thought to be dead (reappears in Tintin and the Picaros)Ridgewell
43%
Antagonist (bald)Alonso Perez
29%
Man hired by Rodriguez to kill Tintin (reappears in Tintin and the Picaros)Pablo
29%
Boat Tintin comes on to locationVille de Lyon
29%
Antagonist (black hair)Ramón Bada
14%
Explorer’s pet hobby (revealed after releasing him from the Rumbabas)Ventriloquism
14%
Local Brandy of LocationAquardiente
0%
Artifact No. 3542Arumbaya Fetish
0%
Murdered Artist who lives on 21 London RoadJacob Balthazar
0%
Museum Stolen FromMuseum of Ethnography
0%
Known Representative of General American OilR.W.Trickler
0%
Ship that Samuel Goldbarr got on to AmericaSS Washington
0%

Score Distribution

Percentile by Number Answered

Percent of People with Each Score

Your Score History

You have not taken this quiz